LEVENT KEÇİLERİN TAKİPÇİSİ (Record no. 1290390)

MARC details
000 -LEADER
sabit uzunluktaki kontrol alanı 00269nam a2200097Ia 4500
001 - KONTROL NUMARASI
kontrol alanı 1290390
005 - EN SON İŞLEMİN TARİH VE ZAMANI
kontrol alanı 20260417164514.0
008 - SABİT-UZUNLUKTA VERİ ÖĞELERİ--GENEL BİLGİ
sabit uzunluktaki kontrol alanı 260417s9999 xx 000 0 und d
245 #0 - ESER / YAZAR
ESER ADI LEVENT KEÇİLERİN TAKİPÇİSİ
Yazar Adı MUSTAFA ORAKÇI
260 ## - YAYIN, DAĞITIM, VB.
YAYIN EVİ TİMAŞ ÇOCUK YAYINLARI
Holdings
Düşüm durumu Kayıp durumu Hasar Durumu Ödünç verilmez Ana kütüphane Geçerli Kütüphane Edinilen tarih Toplam ödünç verme sayısı Barkod Son görüntüleme tarihi Fiyatın geçerli olmaya başladığı tarih Koha materyal türü
        ŞERİFE AKKANAT İLKOKULU ŞERİFE AKKANAT İLKOKULU 17.04.2026   11054141 17.04.2026 17.04.2026 Books